000 nam a22 7a 4500
999 _c8454
_d8454
008 180116b ||||| |||| 00| 0 eng d
100 _94851
_aARIHANT PRAKASHAN
245 _aMATHEMATICS-1 WORK BOOK
260 _aMEERAT
_bARIHAND
_c2015